Seed of grandeur : (Record no. 164363)

MARC details
000 -LEADER
fixed length control field 00604nam a2200193 4500
005 - DATE AND TIME OF LATEST TRANSACTION
control field 20190516162145.0
010 ## - LCCN (DPL NO)
LC control number ENG-125202
020 ## - INTERNATIONAL STANDARD BOOK NUMBER
Terms of availability 210.00
035 ## - SYSTEM CONTROL NUMBER
System control number EN-108734
037 ## - SOURCE OF ACQUISITION
Source of stock number/acquisition DBAD/PUB
082 ## - DEWEY DECIMAL CLASSIFICATION NUMBER
Classification number 881
100 ## - MAIN ENTRY--PERSONAL NAME
Personal name Sarma, S.K.
245 ## - TITLE STATEMENT
Title Seed of grandeur :
Remainder of title commentary of Sri Aurobindo's "thought the paracalete' "rose of God"and Savitri/
Statement of responsibility, etc by S.K.Sarma
260 ## - PUBLICATION, DISTRIBUTION, ETC. (IMPRINT)
Place of publication, distribution, etc Vijaywada
Name of publisher, distributor, etc Kamala Publications
Date of publication, distribution, etc 2012
270 ## - ADDRESS
Address Governorpet
City Vijaywada
300 ## - PHYSICAL DESCRIPTION
Extent viii,340.00
Dimensions 22cm(pbk)
500 ## - GENERAL NOTE
General note Includes bibliographical references
942 ## - ADDED ENTRY ELEMENTS (KOHA)
Source of classification or shelving scheme Dewey Decimal Classification
Item type English Books
Classification part 881
Call number suffix SAR
Holdings
Withdrawn status Lost status Not for loan Collection code Home library Current library Date acquired Source of acquisition Cost, normal purchase price Full call number Barcode Copy number Cost, replacement price Koha item type
    Not For Loan Non-fiction D.B.Act.Division Central Library 16/05/2019 DBAD/PUB 210.00 881 SAR EN-108734 1 210.00 English Books

© Delhi Public Library
Hit Counter
free hit counter